Pays avec le plus grand réseau ferroviaire - Statistiques

Statistiques générales
  • Ce quiz a été pris 199 fois
  • Le résultat moyen est 9 sur 10
Statistiques - réponses
km Réponse % Correct
66,989 Chine
99%
33,426 Allemagne
98%
30,013 France
98%
85,266 Russie
97%
52,131 Canada
94%
65,808 Inde
94%
29,817 Bresil
90%
228,218 Etats-Unis
88%
26,704 Mexique
86%
25,023 Argentine
80%
Aucun quiz correspondant
Distribution des résultats
% des personnes avec chaque résultat
Percentile par nombre de réponses
Votre historique - résultats
Vous n’avez pas pris ce quiz